International Scientific Conference COMPETITION Proceedings of the 14th International Scientific Conference, 19th - 20th May 2022, Jihlava, Czech Republic

Saved in:
Bibliographic Details
Corporate Author: COMPETITION 2022. International Scientific Conference
Other Authors: Bažantová, Simona, Bolek, Vladimír, 1988-, Chalupová, Martina
Format: Book
Language:English
Czech
Slovak
Published: Jihlava College of Polytechnics Jihlava 2022
Edition:1st Edition
Subjects:
Tags: Add Tag
No Tags, Be the first to tag this record!

MARC

LEADER 00000nam a2200000 4500
001 0289430
005 20240822101720.3
020 |a 978-80-88064-64-0 
022 |a 2788-0605 (online; pdf) 
041 0 |a eng 
041 0 |a cze 
041 0 |a slo 
044 |a CZ 
245 1 0 |a International Scientific Conference COMPETITION  |b Proceedings of the 14th International Scientific Conference, 19th - 20th May 2022, Jihlava, Czech Republic  |c Reviewers/recenzenti: Simona Bažantová, Vladimír Bolek, Martina Chalupová ...[et al.] 
250 |a 1st Edition 
264 1 |a Jihlava  |b College of Polytechnics Jihlava  |c 2022 
300 |a 234 s. 
610 2 0 |a konkurencia 
610 2 0 |a inteligencia umelá 
610 2 0 |a stratégia distribučná 
610 2 0 |a digitalizácia 
700 1 |a Bažantová, Simona 
700 1 |a Bolek, Vladimír, 1988- 
700 1 |a Chalupová, Martina 
110 2 |a COMPETITION 2022. International Scientific Conference